[Event "33. Open Ciudad de San Sebastian"]
[Site "San Sebastián ESP"]
[Date "2010.03.30"]
[Round "3.57"]
[White "Espin Laborde, Jesus Maria"]
[Black "Vazquez Alvarez, Diego"]
[Result "1/2-1/2"]
[WhiteElo "1796"]
[BlackElo "1534"]
[PlyCount "109"]
[EventDate "2010.03.28"]
[EventType "swiss"]
[EventRounds "9"]
[EventCountry "ESP"]
[Source "lmi"]
[SourceDate "2010.03.28"]

1. e4 c6 2. d4 d5 3. exd5 cxd5 4. c4 dxc4 5. Bxc4 Nf6 6. Nf3 Bf5 7. Nc3 Nbd7 8.
O-O Qc7 9. Bb3 e6 10. Re1 Bd6 11. h3 O-O 12. Nb5 Qb6 13. Nxd6 Qxd6 14. Bc2 Bxc2
15. Qxc2 Rac8 16. Qb3 Qb6 17. Bd2 Qxb3 18. axb3 a6 19. Bb4 Rfe8 20. Rac1 Nd5
21. Bd2 Nb8 22. Ne5 f6 23. Nc4 Rc6 24. Ne3 Rxc1 25. Rxc1 Nc6 26. Bc3 Nf4 27.
Kf1 Kf7 28. Nc4 Rd8 29. Rd1 e5 30. d5 Rxd5 31. Rxd5 Nxd5 32. Nd6+ Ke6 33. Nxb7
Nxc3 34. bxc3 Kd5 35. Ke2 f5 36. Kd3 e4+ 37. Ke3 g5 38. g3 h5 39. f3 exf3 40.
Kxf3 g4+ 41. hxg4 hxg4+ 42. Kf4 Ne7 43. Nd8 a5 44. Nb7 a4 45. bxa4 Kc6 46. Na5+
Kc5 47. Ke5 Nd5 48. Nb7+ Kc6 49. Nd8+ Kc5 50. Kxf5 Nxc3 51. a5 Kb5 52. Kxg4 Ne2
53. Nb7 Ka6 54. Kf3 Nxg3 55. Kxg3 1/2-1/2

[Event "33. Open Ciudad de San Sebastian"]
[Site "San Sebastián ESP"]
[Date "2010.03.30"]
[Round "3.58"]
[White "Santesteban Gonzalez, Begona"]
[Black "Orube Bona, Andoni"]
[Result "0-1"]
[WhiteElo "1588"]
[BlackElo "1732"]
[PlyCount "48"]
[EventDate "2010.03.28"]
[EventType "swiss"]
[EventRounds "9"]
[EventCountry "ESP"]
[Source "lmi"]
[SourceDate "2010.03.28"]

1. e4 c5 2. Nf3 Nc6 3. d4 cxd4 4. Nxd4 Nf6 5. Nc3 e5 6. Nb3 Bb4 7. f3 d5 8.
exd5 Nxd5 9. Bd2 Bxc3 10. bxc3 O-O 11. Qe2 Nf4 12. Qf2 Bf5 13. Bxf4 exf4 14.
Rc1 Qf6 15. Nd4 Nxd4 16. cxd4 Qe6+ 17. Qe2 Qxa2 18. Qd2 Rfe8+ 19. Be2 Re3 20.
O-O Rc8 21. d5 Rxc2 22. Rxc2 Qxc2 23. Qxc2 Bxc2 24. Bd1 Bd3 0-1

[Event "33. Open Ciudad de San Sebastian"]
[Site "San Sebastián ESP"]
[Date "2010.03.30"]
[Round "3.59"]
[White "Veras Sanz, Jose Antonio"]
[Black "Fernandez Lopez, Ivan"]
[Result "1-0"]
[WhiteElo "1712"]
[BlackElo "1472"]
[PlyCount "63"]
[EventDate "2010.03.28"]
[EventType "swiss"]
[EventRounds "9"]
[EventCountry "ESP"]
[Source "lmi"]
[SourceDate "2010.03.28"]

1. e4 d5 2. exd5 Qxd5 3. Nc3 Qa5 4. d4 c6 5. Bd2 Qc7 6. Bc4 Bf5 7. Qf3 e6 8.
O-O-O Nf6 9. h3 Bb4 10. Nge2 Nbd7 11. a3 Bd6 12. g4 Bg6 13. Nf4 Nb6 14. Ba2
Nbd5 15. Nxg6 hxg6 16. Ne4 Nxe4 17. Qxe4 a5 18. Kb1 b5 19. Qe2 Nb6 20. c4 Bxa3
21. bxa3 b4 22. axb4 axb4 23. c5 Na4 24. Bxe6 Qa5 25. Bb3+ Kf8 26. Qc4 Nxc5 27.
Qxc5+ Qxc5 28. dxc5 Ra3 29. Kb2 Ke7 30. Rhe1+ Kf8 31. Bxb4 Ra7 32. Rd8# 1-0

[Event "33. Open Ciudad de San Sebastian"]
[Site "San Sebastián ESP"]
[Date "2010.03.30"]
[Round "3.60"]
[White "Kopischke, Maik"]
[Black "Muriel Dominguez, Mariano"]
[Result "1-0"]
[WhiteElo "1911"]
[BlackElo "1657"]
[PlyCount "77"]
[EventDate "2010.03.28"]
[EventType "swiss"]
[EventRounds "9"]
[EventCountry "ESP"]
[Source "lmi"]
[SourceDate "2010.03.28"]

1. d4 d5 2. Nf3 Nf6 3. Bg5 e6 4. e3 Be7 5. Bd3 Nbd7 6. Nbd2 c6 7. O-O O-O 8.
Ne5 Re8 9. f4 c5 10. c3 c4 11. Bc2 Nf8 12. Rf3 N6d7 13. Bxe7 Qxe7 14. Rh3 f5
15. Nxd7 Nxd7 16. Nf3 h6 17. Kh1 Rf8 18. Ba4 Nf6 19. Ne5 Kh7 20. Bc2 Bd7 21.
Qe2 Be8 22. Rg1 Kh8 23. Qf2 Ng4 24. Qf3 Nxe5 25. fxe5 Kh7 26. g4 g6 27. gxf5
exf5 28. Qf4 Qg7 29. Rhg3 b5 30. Bxf5 Bf7 31. Bc2 Kh8 32. Bxg6 Bxg6 33. Rxg6
Rxf4 34. Rxg7 Rf2 35. e6 Re2 36. Rf7 Rxe3 37. e7 Rg8 38. Rxg8+ Kxg8 39. Rf8+
1-0

[Event "33. Open Ciudad de San Sebastian"]
[Site "San Sebastián ESP"]
[Date "2010.03.30"]
[Round "3.61"]
[White "Delgado Canton, Manuel"]
[Black "Tung, Kai Ming"]
[Result "0-1"]
[WhiteElo "1620"]
[BlackElo "1957"]
[PlyCount "70"]
[EventDate "2010.03.28"]
[EventType "swiss"]
[EventRounds "9"]
[EventCountry "ESP"]
[Source "lmi"]
[SourceDate "2010.03.28"]

1. e4 e6 2. d4 d5 3. exd5 Qxd5 4. Nf3 Nf6 5. Nc3 Bb4 6. Bd2 Bxc3 7. Bxc3 Nc6 8.
b3 Qe4+ 9. Be2 Nd5 10. Bb2 Ncb4 11. O-O Qxc2 12. Qxc2 Nxc2 13. Rac1 Ncb4 14. a3
Nc6 15. Bb5 Bd7 16. a4 f6 17. Rfe1 Kf7 18. Bc4 Rhe8 19. Ba3 a6 20. Bb2 Nce7 21.
Nd2 Rad8 22. Kf1 Rb8 23. Re4 b5 24. axb5 Bxb5 25. Bxb5 Rxb5 26. Rc5 Reb8 27.
Ba3 Nf5 28. Rc6 R5b6 29. Rc2 Nd6 30. Re2 R8b7 31. Rc6 Nb4 32. Rc3 g5 33. Rce3
Nc2 34. Bxd6 Nxe3+ 35. fxe3 cxd6 0-1

[Event "33. Open Ciudad de San Sebastian"]
[Site "San Sebastián ESP"]
[Date "2010.03.30"]
[Round "3.62"]
[White "Saenz Zabala, Juan Ignacio"]
[Black "Gonzalez Pueyo, Patricia"]
[Result "1-0"]
[WhiteElo "1845"]
[BlackElo "1610"]
[PlyCount "85"]
[EventDate "2010.03.28"]
[EventType "swiss"]
[EventRounds "9"]
[EventCountry "ESP"]
[Source "lmi"]
[SourceDate "2010.03.28"]

1. e4 c5 2. f4 d6 3. Nf3 Nf6 4. Nc3 Nc6 5. Bc4 e6 6. O-O Be7 7. d3 a6 8. a3 O-O
9. Qe1 b5 10. Bb3 b4 11. axb4 Nxb4 12. Qg3 d5 13. e5 Ne8 14. f5 exf5 15. Bh6
Kh8 16. Bf4 f6 17. Rae1 Rg8 18. exf6 gxf6 19. Qf2 Bb7 20. Nh4 Nd6 21. Bxd6 Bxd6
22. Qxf5 Be7 23. Qe6 Re8 24. Qf7 c4 25. Nf5 Bc5+ 26. d4 Rg8 27. dxc5 d4 28.
Qxb7 Rb8 29. Qf7 cxb3 30. Re7 Rxg2+ 31. Kxg2 Qg8+ 32. Qxg8+ Rxg8+ 33. Kf3 dxc3
34. bxc3 Nc6 35. Rc7 Ne5+ 36. Ke4 b2 37. Rb1 Rb8 38. Nd6 a5 39. Rc8+ Rxc8 40.
Nxc8 Nc4 41. Kd4 a4 42. Kxc4 a3 43. Kb3 1-0

[Event "33. Open Ciudad de San Sebastian"]
[Site "San Sebastián ESP"]
[Date "2010.03.30"]
[Round "3.64"]
[White "Irulegi Garmendia, Jose Antonio"]
[Black "Moreno Romero, Ernesto"]
[Result "1/2-1/2"]
[WhiteElo "1503"]
[BlackElo "1739"]
[PlyCount "90"]
[EventDate "2010.03.28"]
[EventType "swiss"]
[EventRounds "9"]
[EventCountry "ESP"]
[Source "lmi"]
[SourceDate "2010.03.28"]

1. e4 c5 2. Nf3 d6 3. d4 cxd4 4. Nxd4 e6 5. Bb5+ Bd7 6. Be3 Nf6 7. Nc3 a6 8.
Be2 Be7 9. f4 e5 10. fxe5 dxe5 11. Nf3 Nc6 12. Qd2 O-O 13. O-O-O Qc7 14. Nd5
Nxd5 15. exd5 Nd4 16. Nxd4 exd4 17. Bxd4 Bd6 18. g3 Bf5 19. Rhf1 Bg6 20. Qc3
Qd7 21. Bd3 Rac8 22. Qd2 Qa4 23. Bxg6 Qxa2 24. Qd3 hxg6 25. Rf2 Qxd5 26. Kb1
Rfe8 27. Rfd2 Bb4 28. c3 Bf8 29. Be3 Qxd3+ 30. Rxd3 Rc7 31. Bf4 Rce7 32. Bd6
Rd7 33. Bxf8 Rxd3 34. Rxd3 Kxf8 35. h4 f6 36. Kc2 Re2+ 37. Rd2 Rxd2+ 38. Kxd2
Ke7 39. Kd3 Ke6 40. Ke4 a5 41. c4 f5+ 42. Kd4 a4 43. c5 Kd7 44. Kd5 g5 45. hxg5
g6 1/2-1/2

[Event "33. Open Ciudad de San Sebastian"]
[Site "San Sebastián ESP"]
[Date "2010.03.30"]
[Round "3.68"]
[White "Benson, Nicola"]
[Black "Aizpurua Zufiria, Inaki"]
[Result "0-1"]
[WhiteElo "1377"]
[BlackElo "1648"]
[PlyCount "98"]
[EventDate "2010.03.28"]
[EventType "swiss"]
[EventRounds "9"]
[EventCountry "ESP"]
[Source "lmi"]
[SourceDate "2010.03.28"]

1. d4 Nf6 2. Nf3 d5 3. e3 g6 4. c4 Bg7 5. cxd5 Nxd5 6. e4 Nb4 7. Nc3 O-O 8. Be2
Nd7 9. O-O c5 10. Be3 cxd4 11. Bxd4 e5 12. Be3 a6 13. Rc1 Qe7 14. Qb3 Qe6 15.
Nd5 Nxd5 16. exd5 Qe8 17. d6 Nf6 18. Rfd1 b5 19. Rc7 Be6 20. Qc2 Nd5 21. Rc5
Nxe3 22. fxe3 Rc8 23. Ng5 Bd7 24. Rxc8 Qxc8 25. Rc1 Bh6 26. Qxc8 Rxc8 27. Rxc8+
Bxc8 28. h4 f6 29. Ne4 Bxe3+ 30. Kf1 Kf7 31. b4 Be6 32. Nc5 Bxc5 33. bxc5 Bd7
34. Bf3 Ke6 35. a3 f5 36. Bb7 a5 37. Ke2 b4 38. axb4 axb4 39. Kd2 e4 40. Kc2 e3
41. Bf3 Bb5 42. Kd1 b3 43. Kc1 e2 44. Bxe2 Bxe2 45. Kb2 Bc4 46. g3 h6 47. Kc3
Bd5 48. Kb2 g5 49. hxg5 hxg5 0-1

[Event "33. Open Ciudad de San Sebastian"]
[Site "San Sebastián ESP"]
[Date "2010.03.31"]
[Round "4.1"]
[White "Gleizerov, Evgeny"]
[Black "Tratar, Marko"]
[Result "1/2-1/2"]
[WhiteElo "2565"]
[BlackElo "2486"]
[PlyCount "49"]
[EventDate "2010.03.28"]
[EventType "swiss"]
[EventRounds "9"]
[EventCountry "ESP"]
[Source "lmi"]
[SourceDate "2010.03.28"]

1. d4 Nf6 2. c4 e6 3. g3 Bb4+ 4. Bd2 Qe7 5. Bg2 Nc6 6. Nf3 Bxd2+ 7. Nbxd2 d6 8.
Nf1 O-O 9. Ne3 Qd8 10. O-O Ne7 11. b4 Bd7 12. b5 a6 13. a4 axb5 14. axb5 c6 15.
bxc6 Bxc6 16. Qb3 Qc7 17. Qb2 Rfb8 18. Rfc1 Rxa1 19. Qxa1 Qd8 20. Nd2 Bxg2 21.
Kxg2 b5 22. cxb5 Rxb5 23. Qa7 Rb8 24. Nec4 Nc6 25. Qa1 1/2-1/2

[Event "33. Open Ciudad de San Sebastian"]
[Site "San Sebastián ESP"]
[Date "2010.03.31"]
[Round "4.2"]
[White "Alsina Leal, Daniel"]
[Black "Thomassen, Joachim"]
[Result "1/2-1/2"]
[WhiteElo "2548"]
[BlackElo "2331"]
[PlyCount "109"]
[EventDate "2010.03.28"]
[EventType "swiss"]
[EventRounds "9"]
[EventCountry "ESP"]
[Source "lmi"]
[SourceDate "2010.03.28"]

1. e4 c5 2. Nf3 d6 3. d4 cxd4 4. Nxd4 Nf6 5. Nc3 Nc6 6. Bg5 e6 7. Qd2 a6 8.
O-O-O Bd7 9. f4 h6 10. Bxf6 Qxf6 11. Nf3 g5 12. e5 Qxf4 13. Qxf4 gxf4 14. Ne4
d5 15. Nf6+ Ke7 16. c4 d4 17. Nxd7 Kxd7 18. Nxd4 Kc7 19. Nxc6 bxc6 20. Be2 Rg8
21. Bf3 Bc5 22. Kc2 Rad8 23. Kc3 Rxd1 24. Rxd1 a5 25. a3 Rg5 26. b4 Bf8 27. Re1
axb4+ 28. axb4 c5 29. bxc5 Bxc5 30. Re2 Be3 31. Rb2 Rxe5 32. Rb7+ Kd6 33. Rxf7
Kc5 34. Rc7+ Kd6 35. Rh7 Kc5 36. Kd3 Bg1 37. Be4 Bxh2 38. Rxh6 Bg1 39. Rh4 Be3
40. Rg4 Bc1 41. Rg8 Kd6 42. Rd8+ Kc7 43. Ra8 Be3 44. Ra1 Rg5 45. Ra6 Bb6 46.
Ra8 Ra5 47. Rxa5 Bxa5 48. Kd4 Bd2 49. Ke5 Be3 50. Bg6 Kc6 51. Bf7 Kc5 52. Bxe6
Bd2 53. Ke4 Bc1 54. Kd3 Bb2 55. Ke4 1/2-1/2

[Event "33. Open Ciudad de San Sebastian"]
[Site "San Sebastián ESP"]
[Date "2010.03.31"]
[Round "4.3"]
[White "Pogorelov, Ruslan"]
[Black "San Segundo Carrillo, Pablo"]
[Result "1/2-1/2"]
[WhiteElo "2486"]
[BlackElo "2534"]
[PlyCount "124"]
[EventDate "2010.03.28"]
[EventType "swiss"]
[EventRounds "9"]
[EventCountry "ESP"]
[Source "lmi"]
[SourceDate "2010.03.28"]

1. Nf3 Nf6 2. c4 e6 3. Nc3 d5 4. d4 dxc4 5. e3 a6 6. Bxc4 b5 7. Bd3 Bb7 8. O-O
c5 9. Qe2 Nbd7 10. Rd1 Qb8 11. h3 Be7 12. Bd2 O-O 13. Rac1 Rd8 14. Bb1 Qa7 15.
Be1 Rac8 16. a3 cxd4 17. Nxd4 Ne5 18. a4 b4 19. Na2 Qb6 20. Rxc8 Rxc8 21. f3
Nc6 22. Nb3 Na5 23. Nxa5 Qxa5 24. b3 Nd5 25. Bf2 Bc5 26. e4 Nf4 27. Qd2 e5 28.
Kh2 Bxf2 29. Qxf2 Ne6 30. Qe1 Nd4 31. Qxb4 Qxb4 32. Nxb4 Nxb3 33. Rd6 Nc5 34.
Ba2 a5 35. Nd3 Nxd3 36. Rxd3 Bc6 37. Rd6 g6 38. Bd5 Bxa4 39. Ra6 Rc5 40. Ra7
Be8 41. Ra8 Kf8 42. Bb3 Ke7 43. Ra7+ Kd6 44. Bxf7 Bxf7 45. Rxf7 Rc7 46. Rf6+
Kc5 47. Ra6 Kb4 48. Kg3 a4 49. f4 exf4+ 50. Kxf4 a3 51. e5 Rc4+ 52. Kg5 Rc5 53.
Kf6 Ra5 54. Rb6+ Kc3 55. Rb1 a2 56. Ra1 Kb2 57. Rxa2+ Kxa2 58. e6 Rf5+ 59. Kg7
Re5 60. Kf7 Rf5+ 61. Kg7 Re5 62. Kf7 Rf5+ 1/2-1/2

[Event "33. Open Ciudad de San Sebastian"]
[Site "San Sebastián ESP"]
[Date "2010.03.31"]
[Round "4.4"]
[White "Alvarez Pedraza, Aramis"]
[Black "Movsziszian, Karen"]
[Result "1-0"]
[WhiteElo "2486"]
[BlackElo "2530"]
[PlyCount "65"]
[EventDate "2010.03.28"]
[EventType "swiss"]
[EventRounds "9"]
[EventCountry "ESP"]
[Source "lmi"]
[SourceDate "2010.03.28"]

1. d4 d6 2. Nf3 g6 3. c4 f5 4. b4 Bg7 5. Bb2 Nh6 6. Nbd2 O-O 7. Qc2 e6 8. g3
Nf7 9. h4 e5 10. Nb3 Qe7 11. e3 Nd7 12. Be2 Nf6 13. Nfd2 f4 14. gxf4 exf4 15.
e4 Re8 16. O-O-O a5 17. bxa5 b6 18. h5 g5 19. h6 Nxh6 20. Rdg1 Nd7 21. Bh5 Rd8
22. Nf3 Kh8 23. Rxg5 bxa5 24. Nxa5 Rxa5 25. Rxa5 Nf6 26. e5 Nxh5 27. exd6 Rxd6
28. Rhxh5 Bg4 29. Ra8+ Rd8 30. Rxd8+ Qxd8 31. Ng5 Qg8 32. d5 Bxh5 33. Ne6 1-0

[Event "33. Open Ciudad de San Sebastian"]
[Site "San Sebastián ESP"]
[Date "2010.03.31"]
[Round "4.5"]
[White "Alvarez Fernandez, Enrique"]
[Black "Spraggett, Kevin"]
[Result "0-1"]
[WhiteElo "2366"]
[BlackElo "2580"]
[PlyCount "182"]
[EventDate "2010.03.28"]
[EventType "swiss"]
[EventRounds "9"]
[EventCountry "ESP"]
[Source "lmi"]
[SourceDate "2010.03.28"]

1. d4 g6 2. Bf4 Bg7 3. e3 d6 4. Nf3 Nd7 5. h3 e5 6. Bh2 Nh6 7. Be2 O-O 8. O-O
Nf5 9. c3 Re8 10. a4 Qe7 11. Na3 a6 12. Re1 h5 13. Nc4 e4 14. Nfd2 d5 15. Na5
b6 16. Nc6 Qe6 17. Nb4 c5 18. Nc2 Bb7 19. a5 b5 20. dxc5 Nxc5 21. Nd4 Qf6 22.
N2b3 Nxb3 23. Qxb3 Nd6 24. Red1 Nc4 25. Nc2 Rad8 26. Nb4 Bf8 27. Nc2 Bc5 28.
Nd4 Qe7 29. Qc2 Ne5 30. Rd2 Bd6 31. Qd1 h4 32. Kh1 Kh7 33. Nc2 Bc5 34. Nd4 f5
35. Qe1 Qf6 36. Rdd1 Kh6 37. Qd2 Ba7 38. Bf4+ g5 39. Bh2 Rf8 40. Rf1 Rde8 41.
Qd1 Re7 42. Qd2 Kg6 43. Rae1 Bc5 44. Ra1 Rd8 45. Nb3 Ba7 46. Nd4 Nc4 47. Qc2
Rc8 48. Rfd1 Ree8 49. Qb3 Bc5 50. Qc2 Bf8 51. Rf1 Kh6 52. Rfd1 Kg6 53. Rf1 Be7
54. Rfd1 Bd8 55. Nb3 Rf8 56. Rd4 Kh6 57. Rdd1 Ne5 58. Nd4 Bc7 59. Qd2 Rcd8 60.
Qc2 Bc8 61. Rf1 Bd6 62. Qd2 Bb7 63. Rae1 Kg6 64. Ra1 f4 65. f3 Nc4 66. Bxc4
dxc4 67. fxe4 Bxe4 68. exf4 Bxf4 69. Bxf4 gxf4 70. Qe2 Rde8 71. Qg4+ Qg5 72.
Qxg5+ Kxg5 73. Kg1 Bd5 74. Rae1 Rg8 75. Kf2 Rxe1 76. Rxe1 Kf6 77. Nf3 Bxf3 78.
Kxf3 Rg3+ 79. Kf2 Rd3 80. Ke2 Ke5 81. Rd1 Rg3 82. Kf2 b4 83. Rc1 bxc3 84. Rxc3
Kd4 85. Rc1 Rb3 86. Rd1+ Kc5 87. Rd8 Rxb2+ 88. Kf3 c3 89. Rc8+ Kd4 90. Rc6 c2
91. Kxf4 Rb4 0-1

[Event "33. Open Ciudad de San Sebastian"]
[Site "San Sebastián ESP"]
[Date "2010.03.31"]
[Round "4.6"]
[White "Cruz-Lopez Claret, Carlos"]
[Black "Korneev, Oleg"]
[Result "0-1"]
[WhiteElo "2318"]
[BlackElo "2558"]
[PlyCount "70"]
[EventDate "2010.03.28"]
[EventType "swiss"]
[EventRounds "9"]
[EventCountry "ESP"]
[Source "lmi"]
[SourceDate "2010.03.28"]

1. d4 Nf6 2. c4 e6 3. Nc3 Bb4 4. f3 d5 5. a3 Bxc3+ 6. bxc3 c6 7. cxd5 cxd5 8.
e3 O-O 9. Bd3 Nc6 10. Ne2 e5 11. O-O Re8 12. Ng3 h5 13. Ra2 h4 14. Nh1 h3 15.
g3 Be6 16. Nf2 e4 17. Be2 exf3 18. Bxf3 Rc8 19. g4 Ne4 20. Rc2 Ng5 21. Nd3
Nxf3+ 22. Qxf3 Qh4 23. Nf2 Na5 24. Kh1 Qh7 25. Qe2 Bd7 26. Rb2 b6 27. Qf3 Nc4
28. Re2 Nd6 29. Rg1 Rxc3 30. Bd2 Rc2 31. Nxh3 Qe4 32. Ng5 Qxf3+ 33. Nxf3 Ne4
34. h3 Bb5 35. Reg2 Nxd2 0-1

[Event "33. Open Ciudad de San Sebastian"]
[Site "San Sebastián ESP"]
[Date "2010.03.31"]
[Round "4.7"]
[White "Cabrera, Alexis"]
[Black "Piasetski, Leon"]
[Result "1-0"]
[WhiteElo "2533"]
[BlackElo "2280"]
[PlyCount "77"]
[EventDate "2010.03.28"]
[EventType "swiss"]
[EventRounds "9"]
[EventCountry "ESP"]
[Source "lmi"]
[SourceDate "2010.03.28"]

1. e4 Nf6 2. e5 Nd5 3. d4 d6 4. c4 Nb6 5. exd6 exd6 6. Nc3 Bf5 7. Nf3 Be7 8.
Be2 O-O 9. O-O c6 10. Bf4 Re8 11. Rc1 N8d7 12. h3 Nf8 13. Qb3 Ne6 14. Bg3 g5
15. Rfd1 Nf4 16. Bxf4 gxf4 17. c5 Be6 18. Qb4 dxc5 19. dxc5 Qb8 20. Qd4 Nd5 21.
Nxd5 Bxd5 22. Bc4 Rd8 23. Bxd5 cxd5 24. Re1 Bf8 25. Re5 Bg7 26. Rg5 f6 27. Rxd5
Qc7 28. Rd1 Rxd5 29. Qxd5+ Kh8 30. b4 Re8 31. Qd7 Qc6 32. Qxc6 bxc6 33. Rd6 a5
34. bxa5 Bf8 35. Rxc6 Re2 36. Nd4 Re1+ 37. Kh2 Kg8 38. a6 Ra1 39. Ne6 1-0

[Event "33. Open Ciudad de San Sebastian"]
[Site "San Sebastián ESP"]
[Date "2010.03.31"]
[Round "4.8"]
[White "Trepat Herranz, Joan"]
[Black "Ulibin, Mikhail"]
[Result "0-1"]
[WhiteElo "2305"]
[BlackElo "2516"]
[PlyCount "142"]
[EventDate "2010.03.28"]
[EventType "swiss"]
[EventRounds "9"]
[EventCountry "ESP"]
[Source "lmi"]
[SourceDate "2010.03.28"]

1. d4 e6 2. c4 f5 3. g3 Nf6 4. Bg2 c6 5. Nf3 d5 6. O-O Bd6 7. Nc3 O-O 8. Qc2
Ne4 9. Rb1 b6 10. b4 Bb7 11. c5 Bc7 12. a4 Nd7 13. Nxe4 fxe4 14. Ng5 Qf6 15.
Be3 h6 16. Nh3 e5 17. Qc3 bxc5 18. bxc5 Ba6 19. Rfe1 exd4 20. Bxd4 Be5 21. Bxe5
Nxe5 22. Kh1 Bc8 23. f4 Nc4 24. Qxf6 Rxf6 25. e3 Ba6 26. Bf1 Rff8 27. Nf2 Rab8
28. Bxc4 Bxc4 29. Ng4 Bd3 30. Rxb8 Rxb8 31. Ne5 Rb2 32. Nxc6 Rc2 33. Nxa7 Rxc5
34. Nb5 Bxb5 35. axb5 Rxb5 36. Kg2 Rb2+ 37. Kh3 Kf7 38. g4 Rf2 39. Kg3 Rf3+ 40.
Kg2 Ke6 41. Re2 Kd6 42. Re1 Kc5 43. Rc1+ Kd6 44. Rc3 Kd7 45. Ra3 Kc6 46. h3 Kb5
47. Rb3+ Kc4 48. Ra3 Kb4 49. Ra7 g5 50. fxg5 hxg5 51. Rd7 Kc4 52. Rc7+ Kb4 53.
Rd7 Kc5 54. Rc7+ Kd6 55. Rc3 Rf8 56. Kg3 Ke5 57. Ra3 Rf1 58. Rb3 Kd6 59. Rc3
Rf8 60. Kg2 Rf3 61. Ra3 Kc5 62. Ra5+ Kc4 63. Ra4+ Kb5 64. Ra8 Rxe3 65. Rg8 Kc4
66. Rxg5 Re2+ 67. Kg3 d4 68. Rg8 d3 69. Rd8 d2 70. Kf4 e3 71. g5 Re1 0-1

[Event "33. Open Ciudad de San Sebastian"]
[Site "San Sebastián ESP"]
[Date "2010.03.31"]
[Round "4.9"]
[White "Llaneza Vega, Marcos"]
[Black "Rodriguez Lapetra, Pablo"]
[Result "1-0"]
[WhiteElo "2514"]
[BlackElo "2105"]
[PlyCount "73"]
[EventDate "2010.03.28"]
[EventType "swiss"]
[EventRounds "9"]
[EventCountry "ESP"]
[Source "lmi"]
[SourceDate "2010.03.28"]

1. c4 Nf6 2. Nc3 d5 3. e3 g6 4. Qb3 d4 5. exd4 Qxd4 6. Nf3 Qb6 7. d4 Bg7 8. Bf4
c6 9. Be2 Bf5 10. O-O Nbd7 11. Qa3 O-O 12. Rfd1 Rfe8 13. h3 Ne4 14. Be3 Nxc3
15. bxc3 Nf6 16. d5 Qc7 17. Nd4 Bd7 18. Bf3 e5 19. d6 Qc8 20. Nb3 b6 21. Qc1 e4
22. Be2 c5 23. a4 a5 24. Bg5 Re5 25. Bf4 Re6 26. Nd2 Ne8 27. Nf1 f5 28. Ne3 Bf8
29. Nd5 Qc6 30. Rb1 Rb8 31. g4 Bxd6 32. gxf5 gxf5 33. Bh5 Kh8 34. Bf7 Bxf4 35.
Qxf4 Rd6 36. Qe5+ Ng7 37. Ne7 1-0

[Event "33. Open Ciudad de San Sebastian"]
[Site "San Sebastián ESP"]
[Date "2010.03.31"]
[Round "4.10"]
[White "Hernandez, Elvis"]
[Black "Alonso Rosell, Alvar"]
[Result "1/2-1/2"]
[WhiteElo "2277"]
[BlackElo "2509"]
[PlyCount "42"]
[EventDate "2010.03.28"]
[EventType "swiss"]
[EventRounds "9"]
[EventCountry "ESP"]
[Source "lmi"]
[SourceDate "2010.03.28"]

1. e4 c6 2. Nf3 d5 3. exd5 cxd5 4. Ne5 Nf6 5. d4 Nc6 6. Bb5 Bd7 7. Bxc6 Bxc6 8.
O-O Rc8 9. Re1 e6 10. c3 Be7 11. Nd2 O-O 12. Nf1 Re8 13. Ng3 Nd7 14. Qg4 f5 15.
Qd1 Nf6 16. Bg5 Rf8 17. Nh5 Nxh5 18. Bxe7 Qxe7 19. Qxh5 Be8 20. Qh3 f4 21. Nd3
Rf6 1/2-1/2

[Event "33. Open Ciudad de San Sebastian"]
[Site "San Sebastián ESP"]
[Date "2010.03.31"]
[Round "4.11"]
[White "Vea, Odin Blikra"]
[Black "Recuero Guerra, David"]
[Result "1-0"]
[WhiteElo "2195"]
[BlackElo "2481"]
[PlyCount "67"]
[EventDate "2010.03.28"]
[EventType "swiss"]
[EventRounds "9"]
[EventCountry "ESP"]
[Source "lmi"]
[SourceDate "2010.03.28"]

1. e4 c5 2. Nf3 d6 3. d4 cxd4 4. Nxd4 Nf6 5. Nc3 Nc6 6. Be3 Ng4 7. Bg5 h6 8.
Bh4 g5 9. Bg3 Bg7 10. Nb3 Be6 11. h3 Nge5 12. Be2 Rc8 13. Nd5 Ng6 14. c3 O-O
15. O-O a5 16. a4 Kh8 17. Bh5 Nce5 18. Nd4 Bxd5 19. exd5 Qb6 20. Rb1 Rg8 21.
Nf5 Rc7 22. Re1 Qc5 23. Bxe5 Nxe5 24. Rxe5 dxe5 25. Bxf7 Rf8 26. Qh5 Qb6 27.
Be6 Kh7 28. h4 gxh4 29. Qg4 Bf6 30. Qe4 Kh8 31. Nxh6 Qa6 32. Qg6 Qc4 33. Nf7+
Rxf7 34. Bxf7 1-0

[Event "33. Open Ciudad de San Sebastian"]
[Site "San Sebastián ESP"]
[Date "2010.03.31"]
[Round "4.12"]
[White "Nava Pereda, Carlos"]
[Black "Barria Zuniga, Daniel"]
[Result "1/2-1/2"]
[WhiteElo "2254"]
[BlackElo "2435"]
[PlyCount "56"]
[EventDate "2010.03.28"]
[EventType "swiss"]
[EventRounds "9"]
[EventCountry "ESP"]
[Source "lmi"]
[SourceDate "2010.03.28"]

1. d4 Nf6 2. c4 e6 3. g3 c5 4. d5 exd5 5. cxd5 d6 6. Nc3 g6 7. Bg2 Bg7 8. Nf3
O-O 9. O-O a6 10. a4 Re8 11. Nd2 Nbd7 12. h3 Rb8 13. Nc4 Ne5 14. Na3 Nh5 15.
Kh2 Bd7 16. a5 f5 17. e4 Nf6 18. f4 Nf7 19. exf5 gxf5 20. Nc4 Bb5 21. Nxb5 axb5
22. Ne3 Qd7 23. a6 bxa6 24. Rxa6 Re7 25. Qc2 Nh6 26. Bf3 Rbe8 27. Ng2 Ne4 28.
Be3 Bf6 1/2-1/2

[Event "33. Open Ciudad de San Sebastian"]
[Site "San Sebastián ESP"]
[Date "2010.03.31"]
[Round "4.13"]
[White "Collins, Sam E"]
[Black "Aranaz Murillo, Amalia"]
[Result "1-0"]
[WhiteElo "2401"]
[BlackElo "2083"]
[PlyCount "37"]
[EventDate "2010.03.28"]
[EventType "swiss"]
[EventRounds "9"]
[EventCountry "ESP"]
[Source "lmi"]
[SourceDate "2010.03.28"]

1. e4 c6 2. d4 d5 3. e5 c5 4. dxc5 e6 5. Be3 Nh6 6. Nf3 Nf5 7. Bg5 Qa5+ 8. c3
Qxc5 9. Bd3 Ne7 10. O-O Ng6 11. Na3 Nc6 12. c4 Ngxe5 13. Nxe5 Nxe5 14. cxd5
Nxd3 15. Qxd3 Bd6 16. Rac1 Qxd5 17. Qxd5 exd5 18. Nb5 Bb8 19. Rxc8+ 1-0

[Event "33. Open Ciudad de San Sebastian"]
[Site "San Sebastián ESP"]
[Date "2010.03.31"]
[Round "4.14"]
[White "Cifuentes Parada, Roberto"]
[Black "Guijarro Galan, Jose Luis"]
[Result "1-0"]
[WhiteElo "2525"]
[BlackElo "2104"]
[PlyCount "95"]
[EventDate "2010.03.28"]
[EventType "swiss"]
[EventRounds "9"]
[EventCountry "ESP"]
[Source "lmi"]
[SourceDate "2010.03.28"]

1. Nf3 e6 2. c4 d5 3. d4 c6 4. Qc2 f5 5. g3 Nf6 6. Bg2 Bd6 7. O-O O-O 8. b3 Bd7
9. Ba3 Be8 10. Ne5 Bxa3 11. Nxa3 Qd6 12. Qb2 Nbd7 13. Nc2 g5 14. Ne1 Bg6 15.
N1d3 Kg7 16. Rac1 Rac8 17. c5 Qe7 18. b4 Nxe5 19. dxe5 Nd7 20. f4 h6 21. Rc3 a6
22. Rfc1 Kh7 23. a4 gxf4 24. gxf4 Rg8 25. Nf2 Bf7 26. Qd2 Nf8 27. Rg3 Ng6 28.
Nd3 Rg7 29. Kh1 Rcg8 30. Qe3 Nh4 31. Rg1 Bh5 32. Bf1 Ng6 33. Qf2 Bg4 34. h3 Bh5
35. Kh2 Qh4 36. R3g2 Qe7 37. Nc1 Qd8 38. Nb3 Qe7 39. Nd4 Qe8 40. e3 Bd1 41.
Bxa6 Bxa4 42. Bd3 Nf8 43. Rxg7+ Rxg7 44. Rxg7+ Kxg7 45. Qg1+ Qg6 46. Qa1 Bb5
47. Bxb5 cxb5 48. Qg1 1-0